00534nam a2200133Ia 4500008004100000100002100041245010800062245008100170260005300251260000900304300001100313650001500324856006100339170221s9999 xx 000 0 und d aOlga V. Bakanach aSmall Entrepreneurship in Russia: Development Trends, Structural Changes, Rating Assessment of Regions  cOlga V. Bakanach, Tatiana A. Dubrova, Mikhail A. Esenin, Svetlana V. Blinova bInternational Review of Management and Marketing c2016 a6 : 5S xMarketing. uhttp://www.econjournals.com/index.php/irmm/issue/view/83